Coffee or Tea - Statistics

General Stats
  • This quiz has been taken 331 times
  • The average score is 14 of 20
Answer Stats
Question Answer % Correct
Brazil Coffee
98%
Italy Coffee
98%
China Tea
98%
United States Coffee
96%
Colombia Coffee
95%
Japan Tea
91%
India Tea
91%
Spain Coffee
88%
Mexico Coffee
84%
Uzbekistan Tea
80%
Sweden Coffee
75%
Russia Tea
73%
Greece Coffee
68%
Turkey Tea
61%
Ireland Tea
61%
South Africa Tea
41%
Hungary Tea
41%
Kenya Tea
36%
Thailand Coffee
25%
South Korea Coffee
20%
No matching quizzes found
Score Distribution
Percent of People with Each Score
Percentile by Number Answered
Your Score History
You have not taken this quiz